All Playboi Carti Songs - Statistics

General Stats
  • This quiz has been taken 52 times
  • The average score is 54 of 119
Answer Stats
Answer % Correct
POP OUT
86%
Magnolia
83%
Over
80%
2024
77%
CRUSH
77%
DIFFERENT DAY
77%
FOMDJ
77%
Location
77%
Rockstar Made
77%
wokeuplikethis*
77%
EVIL J0RDAN
74%
K POP
74%
Long Time - Intro
74%
RATHER LIE
74%
R.I.P
74%
Stop Breathing
74%
ALL RED
69%
BACKD00R
69%
GOOD CREDIT
69%
@ MEH
69%
Meh
69%
PHILLY
69%
SOUTH ATLANTA BABY
69%
TRIM
69%
TWIN TRIM
69%
BACKR00MS
66%
CHARGE DEM HOES A FEE
66%
MOJO JOJO
66%
OPM BABI
66%
Shoota
66%
Sky
66%
TOXIC
66%
FINE SHIT
63%
Go2DaMoon
63%
RADAR
63%
CRANK
60%
JUMPIN
60%
Lean 4 Real
60%
New Tank
60%
Flex
57%
IloveUIHateU
57%
OLYMPIAN
57%
On That Time
57%
OVERLY
57%
Poke It Out
57%
Vamp Anthem
57%
WAKE UP F1LTHY
57%
DIS 1 GOT IT
54%
F33l Lik3 Dyin
54%
MUNYUN
54%
Choppa Won't Miss
51%
COCAINE NOSE
51%
Control
51%
HBA
51%
LIKE WEEZY
51%
R.I.P Fredo
51%
WALK
51%
I SEEEEEE YOU BABY BOI
49%
New Choppa
49%
Beno!
46%
Had 2
46%
King Vamp
46%
Love Hurts
46%
No Time
46%
Fell In Luv
43%
FlatBed Freestyle
43%
M3tamorphosis
43%
No Sl33p
43%
Broke Boi
40%
Die4Guy
40%
JumpOutTheHouse
40%
Lame Niggaz
40%
Lookin
40%
Middle Of The Summer
40%
Mileage
40%
New N3on
40%
NO. 9
40%
Slay3r
40%
Teen X
40%
Top
40%
WE NEED ALL THE VIBES
40%
Home (KOD)
37%
Kelly K
37%
Let It Go
37%
Not PLaying
37%
Old Money
37%
Place
37%
Pull Up
37%
Punk Monk
37%
dothatshit!
34%
Foreign
34%
Yah Mean
34%
Half & Half
31%
Right Now
31%
Other Shit
29%
Blick Sum
26%
Fetti
26%
I LUV IT
26%
4Tspoon
17%
Miss The Rage
17%
Plug
14%
FIELD TRIP
11%
Unlock It
11%
YUNGXANHOE
11%
Freestyle 4 The People
9%
Crumbs
6%
I Got Depressed Hoes
6%
Paid In Full
6%
2Door
3%
Count It Up
3%
Dem Callin'
3%
Pray 4 Me
3%
Purple Pool
3%
Sneak Dissin
3%
Talk
3%
What We Doin'
3%
Whole Thang
3%
Don't Tell Nobody
0%
Paper
0%
No matching quizzes found
Score Distribution
Percent of People with Each Score
Percentile by Number Answered
Your Score History
You have not taken this quiz